| 000 | 00520nam a2200181Ia 4500 | ||
|---|---|---|---|
| 008 | 230917s9999||||xx |||||||||||||| ||und|| | ||
| 020 | _cRS750 | ||
| 040 |
_e244666 _aMAIN |
||
| 041 | _aEnglish | ||
| 082 | _a658.5 H366O(12) | ||
| 100 | _aHeizer, Jay | ||
| 245 | 0 | _aOperations management: Sustainability and supply chain management | |
| 250 | _a12th ed. | ||
| 260 |
_aNoida _bPearson India Education _c2017 |
||
| 300 | _axxx, 724+126 p. | ||
| 500 | _a3003 08/01/2018 HBD18/7184 27/01/2018 Main Budget | ||
| 942 | _cBK | ||
| 999 |
_c25286 _d25286 |
||